000 00530nam a2200181Ia 4500
005 20250923144433.0
008 008 250917s9999 xx 000 0 eng d
037 _aTextual
040 _aDSWL
_beng
_cDSWL
041 _aeng
_2eng
084 _aYX;6-L1, N46;1
_qDSWL
100 _aRobinson, G.C.
_9824885
245 4 _aThe patient as a person
_cby G.C. Robinson
260 _aNew York
_b Commonwealth Fund
_c1946
300 _a423 p.
942 _cTEXL
_hYX;6-L1, N46;1
999 _c1438878
_d1438878